| 000 | 00901nam a2200217 a 4500 | ||
|---|---|---|---|
| 003 | 0 | ||
| 005 | 20250415143722.0 | ||
| 008 | 090806s19uu xx 00 eng d | ||
| 050 |
_aPGS GV 1469.34.C57 _b.D584 2004 |
||
| 100 | _aDing, Jason. | ||
| 245 |
_aThe effects of playing video games on the grades of grade six students of Southville International School & Colleges / _cby Jason Ding. |
||
| 260 |
_aLas Piñas City, Philippines : _bSouthville International School and Colleges, _c2004. |
||
| 300 |
_a20 pages : _billustrations ; _c28 cm. |
||
| 504 | _aIncludes bibliographical references. | ||
| 650 |
_aVideo games _vJuvenile literature. |
||
| 650 |
_aVideo games _vPsychological aspects _vChildren. |
||
| 650 |
_aAcademic achievement _vElementary students. |
||
| 650 |
_aStudents _vAttitudes _vToward video games. |
||
| 650 |
_aComputer games— _vEffect on learning. |
||
| 942 |
_2lcc _cPASS |
||
| 999 |
_c96973 _d96973 |
||